000
00233nam a2200097Ia 4500
008
191206s9999 xx 000 0 und d
020
_a
9.78111E+12
090
_a
HF1017.WEI
245
0
_a
Introductry business statistics
260
_c
c2008
999
_c
16264
_d
16264